01196nam a22003497a 4500001000700000003000900007005001700016007000700033008004100040016001000081020001500091040002200106041000800128082001900136100003000155240003400185245013200219260003000351300002000381490004400401650001900445650002300464700003900487700003100526830004400557942001200601945002700613952011500640956003900755956003700794999001500831430553DO-SdBNP20171117130453.0430553000121s1999 sp | ||| ||spa 7 2BPMSU a8481301752 aBPMSUbspacBPMSU1 aspa 4a823.912bF754u1 aForster, E. M.d1879-197012aA room with a viewlEspañol14aUna habitación con vistas /cEdward Morgan Forster ; traducción de Marta Pesarrodona ; prólogo de José Jiménez Lozano aMadrid : bMileniumc1999 a186 p.: c22 cm aMillenium.Las 100 joyas del mileniov57 aNOVELA INGLESA aLITERATURA INGLESA124Jiménez Lozano, Joséapról. 12a Pesarrodona, Martaetrad. pMillenium.Las 100 joyas del mileniov57 2ddccBK aInventariado, 2017/MFF 00102ddc40708CGaBPMETbBPMETd2015-11-13l0o823.912 F754upBPMSU15110265r2015-11-13w2015-11-13yBK aVMATEO2103201511136BPMSU800151 aValidado. Control de calidad MFF c8709d8709